Английский язык за 20 минут в день. Самоучитель для ленивых: учебное пособие
| 1. autor: | |
|---|---|
| Streszczenie: | Данное пособие станет великолепным помощником при самостоятельном изучении английского языка для тех, кто начинал изучать его, но длительное время не пользовался своими знаниями. В издании приводятся примерные диалоги по самым разным темам, таким как знакомство, приветствия, приезд в другую страну, время, погода, отдых, покупки и другие. Также самоучитель поможет расширить словарный запас, закрепить в памяти основные грамматические правила, правила произношения и интонацию. Для всех самостоятельно изучающих английский язык. Исключено из фонда НТБ ТПУ |
| Język: | rosyjski angielski |
| Wydane: |
Москва, Проспект, 2014
|
| Seria: | Самоучитель для ленивых |
| Format: | MixedMaterials Książka |
| KOHA link: | https://koha.lib.tpu.ru/cgi-bin/koha/opac-detail.pl?biblionumber=247966 |
MARC
| LEADER | 00000nam0a2200000 4500 | ||
|---|---|---|---|
| 001 | 247966 | ||
| 005 | 20231031212245.0 | ||
| 010 | |a 9785392113002 | ||
| 035 | |a (RuTPU)RU\TPU\book\269601 | ||
| 090 | |a 247966 | ||
| 100 | |a 20140116d2014 m y0rusy50 ca | ||
| 101 | 0 | |a rus |a eng | |
| 102 | |a RU | ||
| 105 | |a y j 001zy | ||
| 200 | 1 | |a Английский язык за 20 минут в день. Самоучитель для ленивых |e учебное пособие |f С. А. Шевелева | |
| 210 | |a Москва |c Проспект |d 2014 | ||
| 215 | |a 129 с. | ||
| 225 | 1 | |a Самоучитель для ленивых | |
| 320 | |a English-Russian vocabulary: с. 115-127. | ||
| 330 | |a Данное пособие станет великолепным помощником при самостоятельном изучении английского языка для тех, кто начинал изучать его, но длительное время не пользовался своими знаниями. В издании приводятся примерные диалоги по самым разным темам, таким как знакомство, приветствия, приезд в другую страну, время, погода, отдых, покупки и другие. Также самоучитель поможет расширить словарный запас, закрепить в памяти основные грамматические правила, правила произношения и интонацию. Для всех самостоятельно изучающих английский язык. | ||
| 333 | |a Исключено из фонда НТБ ТПУ | ||
| 686 | |a Ш143.21-922 |v LBC/SL-A |2 rubbk | ||
| 700 | 1 | |a Шевелева |b С. А. |g Светлана Александровна | |
| 801 | 1 | |a RU |b 63413507 |c 20140116 | |
| 801 | 2 | |a RU |b 63413507 |c 20210205 |g RCR | |
| 942 | |c BK | ||
| 959 | |a 4/20140116 |d 1 |e 59,90 |f ЧЗИЛ:1 | ||